[Event "Novi Sad Serbian op"]
[Site "Novi Sad"]
[Date "2016.11.11"]
[Round "7"]
[White "Ujhazi, Ivan"]
[Black "Kracunov, Bozidar"]
[Result "1-0"]
[WhiteElo "2189"]
[BlackElo "2019"]
[PlyCount "85"]
[EventDate "2016.11.06"]
[EventType "swiss"]
[EventRounds "9"]
[EventCountry "SRB"]
[SourceTitle "CBM 175 Extra"]
[Source "ChessBase"]
[SourceDate "2016.12.12"]
[SourceVersion "1"]
[SourceVersionDate "2016.12.12"]
[SourceQuality "1"]

1. e4 e6 2. d3 d5 3. Qe2 Nf6 4. g3 Be7 5. Bg2 0-0 6. Nf3 c5 7. 0-0 Nc6 8. e5 Nd7 9. c4 d4 10. h4 a6 11. Bf4 h6 12. h5 Qe8 13. Bh3 Nd8 14. g4 f6 15. exf6 Nxf6 16. Bg3 Nc6 17. Nbd2 Bd7 18. Nh4 e5 19. Ng6 Rf7 20. Rae1 Nxh5 21. Bxe5 Nxe5 22. Qxe5 Bg5 23. Qd5 Qc8 24. Re7 Be8 25. Rfe1 Nf6 26. Rxe8+ Nxe8 27. Ne7+ Bxe7 28. Rxe7 Nd6 29. Qxd6 Rxe7 30. Qxe7 Qe8 31. Qxb7 Rb8 32. Qd5+ Kh8 33. b3 Qe2 34. Ne4 Qxd3 35. Bf1 Qf3 36. Nxc5 Qxg4+ 37. Qg2 Qf5 38. Nd3 Rd8 39. Qh3 Qg5+ 40. Qg3 Qd2 41. Ne5 Kg8 42. c5 Qxa2 43. Bc4+ 1-0

[Event "SRB Central-ch op-B 9th"]
[Site "Paracin"]
[Date "2016.07.12"]
[Round "7"]
[White "Ivanovic, Veljko"]
[Black "Kracunov, Bozidar"]
[Result "1/2-1/2"]
[WhiteElo "1936"]
[BlackElo "2069"]
[PlyCount "67"]
[EventDate "2016.07.07"]
[EventType "swiss"]
[EventRounds "9"]
[EventCountry "SRB"]
[SourceTitle "CBM 173 Extra"]
[Source "ChessBase"]
[SourceDate "2016.08.29"]
[SourceVersion "1"]
[SourceVersionDate "2016.08.29"]
[SourceQuality "1"]

1. d4 e6 2. c4 d5 3. Nc3 c6 4. e4 dxe4 5. Nxe4 Nd7 6. Nf3 Ngf6 7. Bd3 Bb4+ 8. Bd2 Bxd2+ 9. Qxd2 Nxe4 10. Bxe4 Nf6 11. Bc2 0-0 12. 0-0 b6 13. Rad1 Qc7 14. Ng5 Bb7 15. Ne4 Nxe4 16. Bxe4 Rfd8 17. Qe3 Rac8 18. Rd2 c5 19. Bxb7 Qxb7 20. Rfd1 h6 21. dxc5 Rxd2 22. Qxd2 Rxc5 23. Qd8+ Kh7 24. Qd3+ g6 25. b3 h5 26. h4 Rc7 27. Qd8 Kg7 28. Qd4+ Kh7 29. Qd8 Kg7 30. Qd4+ Kg8 31. Qd8+ Kg7 32. Qd4+ Kh7 33. Qd8 Kg7 34. Qd4+ 1/2-1/2